000 00573nam a2200217Ia 4500
008 240509s9999 xx 000 0 und d
020 _a0008120303970
041 _aEng
082 _a658.4038
082 _bM86
100 _aMURDICK, R.G. & ROSS, J.E. :& CLAGGETT, J.R.
245 0 _aINFORMATION SYSTEMS FOR MODERN MANAGEMENT
250 _a3rd ed.
260 _bINDIA : PRENTICE HALL
260 _c1984
300 _a466 p.
650 _aMANAGEMENT INFORMATION SYSTEMS
942 _2ddc
_01
942 _cLBK
999 _c21992
_d21992
945 _a1
_bMadushi Gamage
_c2364
_dABC XYZ